<?xml version="1.0" encoding="UTF-8"?><?xml-stylesheet type="text/xsl" href="static/style.xsl"?><OAI-PMH xmlns="http://www.openarchives.org/OAI/2.0/" xmlns:xsi="http://www.w3.org/2001/XMLSchema-instance" xsi:schemaLocation="http://www.openarchives.org/OAI/2.0/ http://www.openarchives.org/OAI/2.0/OAI-PMH.xsd"><responseDate>2026-04-13T03:06:13Z</responseDate><request verb="GetRecord" identifier="oai:www.recercat.cat:2072/426141" metadataPrefix="marc">https://recercat.cat/oai/request</request><GetRecord><record><header><identifier>oai:recercat.cat:2072/426141</identifier><datestamp>2026-03-13T04:20:20Z</datestamp><setSpec>com_2072_98</setSpec><setSpec>col_2072_378192</setSpec></header><metadata><record xmlns="http://www.loc.gov/MARC21/slim" xmlns:dcterms="http://purl.org/dc/terms/" xmlns:xsi="http://www.w3.org/2001/XMLSchema-instance" xmlns:doc="http://www.lyncode.com/xoai" xsi:schemaLocation="http://www.loc.gov/MARC21/slim http://www.loc.gov/standards/marcxml/schema/MARC21slim.xsd">
   <leader>00925njm 22002777a 4500</leader>
   <datafield ind2=" " ind1=" " tag="042">
      <subfield code="a">dc</subfield>
   </datafield>
   <datafield ind2=" " ind1=" " tag="720">
      <subfield code="a">Català Domènech, Josep M.</subfield>
      <subfield code="e">author</subfield>
   </datafield>
   <datafield ind2=" " ind1=" " tag="720">
      <subfield code="a">Ramos de Almeida, Gabriela Machado</subfield>
      <subfield code="e">author</subfield>
   </datafield>
   <datafield ind2=" " ind1=" " tag="720">
      <subfield code="a">Guterres de Mello, Jamer</subfield>
      <subfield code="e">author</subfield>
   </datafield>
   <datafield ind2=" " ind1=" " tag="260">
      <subfield code="c">2012</subfield>
   </datafield>
   <datafield ind2=" " ind1=" " tag="520">
      <subfield code="a">Josep Maria Català Domenech é diretor da Faculdade de Comunicação da Universidade Autônoma de Barcelona (UAB), diretor do Mestrado em Documentário Criativo e professor de Narativa audiovisual e Estética da imagem na mesma instituição. Doutor em Ciências da Comunicação pela UAB e mestre em Teoria do cinema pela Universidade de São Francisco, Califórnia, Català vem se dedicando nas duas últimas décadas à pesquisa nas áreas da cultura visual e dos estudos da imagem.</subfield>
   </datafield>
   <datafield ind2=" " ind1=" " tag="520">
      <subfield code="a">Nesta entrevista, Josep Maria Català fala sobre mudanças de mentalidade na relação dos artistas com o real como matériaprima para a fotografia e o documentário; os deslocamentos e processos de ressignificação promovidos pela arte contemporânea e pelo cinema nos processos de criação a partir do arquivo e a complexificação tanto dos dispositivos quanto da relação do espectador com as imagens. A entrevista foi realizada em julho de 2012 na Faculdade de Comunicação da UAB.</subfield>
   </datafield>
   <datafield tag="653" ind2=" " ind1=" ">
      <subfield code="a">Català Domènech, Josep M. Entrevistes</subfield>
   </datafield>
   <datafield ind2="0" ind1="0" tag="245">
      <subfield code="a">A estética como ato político : entrevista com Josep Maria Català Domenech</subfield>
   </datafield>
</record></metadata></record></GetRecord></OAI-PMH>